000 01046nam a22002777a 4500
005 20250225110417.0
008 250225b ||||| |||| 00| 0 eng d
020 _a9780136056065
040 _aCO-BoUCM
_cDavid Moreno
_dDavid Moreno
041 _aeng
245 0 0 _aPhysical chemistry
_bprinciples and applications in biological sciences
_cIgnacio Tinoco Jr. , Kenneth Sauer, James C. Wang …[and three others].
250 _a5a.Ed
260 _aBoston, Massachusetts
_bPearson
_c2014
300 _axx, 670 Paginas
_bilustraciones a color
504 _aIncluye referencias bibliográficas e índices
650 1 4 _aBioquímica
_910154
650 1 4 _aQuímica, Física y teórica
_9184868
650 1 4 _aFenómeno fisicoquímico.
_9184869
700 1 _aSauer, Kenneth
_9184870
700 1 _aWang. James C.
_9184871
700 1 _aPuglisi, Joseph D.
_9184872
700 1 _aHarbison, Gerard
_9184873
700 1 _aRovnyak, David
_9184874
942 _2DEWEY
_a14
_cLIBRO
_e5
_h572.43
_mT591p
_n0
999 _c325300
_d325300